Evaluation system of teachers by students: managament innivation in russian universities; Journal of Economics and Social Sciences; № 2

গ্রন্থ-পঞ্জীর বিবরন
Parent link:Journal of Economics and Social Sciences: electronic scientific journal.— , 2012-.— 2312-2978
№ 2.— 2013.— [3 p.]
প্রধান লেখক: Dedova V. E.
সংস্থা লেখক: Национальный исследовательский Томский политехнический университет (ТПУ) Институт социально-гуманитарных технологий (ИСГТ) Кафедра иностранных языков (ИЯСГТ), Национальный исследовательский Томский политехнический университет (ТПУ) Институт неразрушающего контроля (ИНК) Кафедра физических методов и приборов контроля качества (ФМПК)
অন্যান্য লেখক: Dmitrienko N. A. Natalya Aleksandrovna (научный руководитель), Yanushevskaya M. N. Marina Nikolaevna (научный консультант)
সংক্ষিপ্ত:Title screen
The aim of this article is studying of the use of assessment systems of teachers by students in Russia. Interest in this subject stems from the fact that in Russian higher education institutions there is necessary to develop tools to monitor the quality of education. Increased competition between universities makes them pay attention to the quality of educational and other services, such as college preparation programs, training programs, and actively engage in marketing.
Цель настоящей работы - изучение практики использования систем оценивания преподавателей студентами в России. Интерес к этой тематике обусловлен тем, что у российских высших учебных заведений сегодня тоже появляется потребность в развитии инструментов контроля качества образования. Усиление конкуренции между вузами заставляет их уделять значительное внимание качеству предоставляемых образовательных и других услуг, например, довузовской подготовки, программ повышения квалификации, и активно заниматься маркетингом.
ভাষা:ইংরেজি
প্রকাশিত: 2013
মালা:Социологические науки
বিষয়গুলি:
অনলাইন ব্যবহার করুন:http://earchive.tpu.ru/handle/11683/21751
বিন্যাস: বৈদ্যুতিক গ্রন্থের অধ্যায়
KOHA link:https://koha.lib.tpu.ru/cgi-bin/koha/opac-detail.pl?biblionumber=537069

MARC

LEADER 00000naa2a2200000 4500
001 537069
005 20231101113844.0
035 |a (RuTPU)RU\TPU\prd\226388 
035 |a RU\TPU\prd\226387 
090 |a 537069 
100 |a 20141124a2013 k y0rusy50 ba 
101 0 |a eng 
102 |a RU 
135 |a drcn ---uucaa 
181 0 |a i  
182 0 |a b 
200 1 |a Evaluation system of teachers by students: managament innivation in russian universities  |f V. E. Dedova  |g lang. adv. N. A. Dmitrienko ; sci. adv. M. N. Janushevskaia 
203 |a Text  |c electronic 
215 |a 1 файл (52 Кб) 
225 1 |a Социологические науки 
230 |a Электронные текстовые данные (1 файл : 52 Кб) 
300 |a Title screen 
320 |a [References: 3 tit.] 
330 |a The aim of this article is studying of the use of assessment systems of teachers by students in Russia. Interest in this subject stems from the fact that in Russian higher education institutions there is necessary to develop tools to monitor the quality of education. Increased competition between universities makes them pay attention to the quality of educational and other services, such as college preparation programs, training programs, and actively engage in marketing. 
330 |a Цель настоящей работы - изучение практики использования систем оценивания преподавателей студентами в России. Интерес к этой тематике обусловлен тем, что у российских высших учебных заведений сегодня тоже появляется потребность в развитии инструментов контроля качества образования. Усиление конкуренции между вузами заставляет их уделять значительное внимание качеству предоставляемых образовательных и других услуг, например, довузовской подготовки, программ повышения квалификации, и активно заниматься маркетингом. 
453 |a Дедова, В. Е. 
461 1 |0 (RuTPU)RU\TPU\prd\225573  |x 2312-2978  |t Journal of Economics and Social Sciences  |o electronic scientific journal  |d 2012- 
463 1 |0 (RuTPU)RU\TPU\prd\226192  |t № 2  |v [3 p.]  |d 2013 
610 1 |a validity of results 
610 1 |a teaching rating 
610 1 |a individual curriculum 
610 1 |a incentive contracts 
610 1 |a evaluation of the quality of services 
610 1 |a еvaluation system of teachers 
700 1 |a Dedova  |b V. E. 
702 1 |a Dmitrienko  |b N. A.  |c linguist  |c Associate Professor of Tomsk Polytechnic University, Candidate of pedagogical sciences  |f 1980-  |g Natalya Aleksandrovna  |2 stltpush  |3 (RuTPU)RU\TPU\pers\30989  |4 727 
702 1 |a Yanushevskaya  |b M. N.  |c specialist in the field of non-destructive testing  |c Senior lecturer of Tomsk Polytechnic University  |f 1969-  |g Marina Nikolaevna  |2 stltpush  |3 (RuTPU)RU\TPU\pers\33078  |4 695 
712 0 2 |a Национальный исследовательский Томский политехнический университет (ТПУ)  |b Институт социально-гуманитарных технологий (ИСГТ)  |b Кафедра иностранных языков (ИЯСГТ)  |h 7147  |2 stltpush  |3 (RuTPU)RU\TPU\col\18376 
712 0 2 |a Национальный исследовательский Томский политехнический университет (ТПУ)  |b Институт неразрушающего контроля (ИНК)  |b Кафедра физических методов и приборов контроля качества (ФМПК)  |h 68  |2 stltpush  |3 (RuTPU)RU\TPU\col\18709 
801 1 |a RU  |b 63413507  |c 20090623  |g PSBO 
801 2 |a RU  |b 63413507  |c 20160921  |g PSBO 
856 4 |u http://earchive.tpu.ru/handle/11683/21751 
942 |c BK